Дело о запрещении Московскому цензурному комитету разрешать произведения с включенными в них текстами других авторов в связи с и...

Доступно только в Электронных читальных залах Найти на картеНа карте
RUSMARC
00004279nmc2a2200000 x 450
001dbd27d88-a1f7-4e76-9b76-b97456a2183b
00520151229143229.0
100##$a20150420l18181818k l0rusy0189 ca
1010#$arus
102##$aRU
2001#$aДело о запрещении Московскому цензурному комитету разрешать произведения с включенными в них текстами других авторов в связи с изданием книги П. Вавилова "Драгоценный подарок детям или новейшая и полная энциклопедическая азбука российская" с включением в нее правил для учащихся, изданных Комиссией училищ
$j9 октября - 13 ноября 1818 г.
251##$cДело
300##$aДело
300##$aОриг. заголовок дела: Дело о перепечатании книгопродавцом Вавиловым в книге "Драгоценный подарок детям" изданных Комиссией училищ правил для учащихся. 9 октября 1818 г. - 13 ноября 1818 г
801#0$aRU
$bРГИА
$c20150420
$gRCR
801#1$aRU
$bГлавНИВЦ
$c20150420
$2rusmarc
801#2$aRU
$bПБ им. Б.Н. Ельцина
$c20151229
$gRCR
$2rusmarc
850##$aРГИА
852##$aРГИА
$eФедеральное казенное учреждение "Российский государственный исторический архив" (РГИА)
$j23
937##$hРГИА
$d11385500
$aASBIBLIO_SCAN
462#0$10017ff33d0d-4fb3-4ffd-a38b-3e370d0d7251
$12001
$aОбщие дела 1-го отделения Департамента народного просвещения за 1818-1840 гг.
$1251
$cОпись
$1852
$j87
461#0$1001a74412a3-3cc5-4d21-8f0a-dfe2fbd9e72d
$12001
$aДепартамент народного просвещения Министерства народного просвещения
$1251
$cФонд
$1852
$j733
215##$a9 л.
$d36,5х26 см
371##$aДокумент не является опубликованным и широко распространяемым
105##$aу###
1222#$ad
5171#$aДело о перепечатании книгопродавцом Вавиловым в книге "Драгоценный подарок детям" изданных Комиссией училищ правил для учащихся. 9 октября 1818 г. - 13 ноября 1818 г
035##$adbd27d88-a1f7-4e76-9b76-b97456a2183b
Формат отображения